Normal view
MARC view
Entry Personal Name
001 - CONTROL NUMBER
- control field: 30959
003 - CONTROL NUMBER IDENTIFIER
- control field: dpl
005 - DATE AND TIME OF LATEST TRANSACTION
- control field: 20110803103853.0
008 - FIXED-LENGTH DATA ELEMENTS
- fixed length control field: 110803|||a|||||| | ||| d
040 ## - CATALOGING SOURCE
- Original cataloging agency: dpl
- Transcribing agency: dpl
100 ## - HEADING--PERSONAL NAME
- Personal name: घाटे, ऋजुता
670 ## - SOURCE DATA FOUND
- Source citation: Work cat.: (dpl)54528: घाटे, ऋजुता, मनी म्याऊँ /, 2009
670 ## - SOURCE DATA FOUND
- Source citation: Work cat.: (dpl)54528: घाटे, ऋजुता, मनी म्याऊँ /, 2009
